Gaming Quiz

Random Gaming or Pokémon Quiz

Unique Character Combos A-Z: Pokemon Quiz Stats

 Plays Quiz not verified by Sporcle

Also try: Castlevania Games
Challenge
Share
Tweet
Embed
Score 0/26 Timer 12:00
0 Plays Today
Combo Pokemon % Correct
QWIQwilfish
75.9%
KECKecleon
67.9%
WAKMarowak
59.9%
DABKadabra
50.3%
SLYBonsly
49.1%
XRALuxray
41.1%
GCAMagcargo
38.3%
FFIKoffing
36.3%
NTHRelicanth
34.5%
JASNinjask
32.7%
LTRMoltres
32.6%
ZUMAzumarill
32.1%
VDILuvdisc
29.6%
Combo Pokemon % Correct
OKINidoking
28%
RFRButterfree
25.8%
IZOScizor
25.7%
BIPAmbipom
24.2%
EBAFeebas
23.8%
PUNLopunny
23.5%
USAVenusaur
23.5%
ACEGlaceon
22.3%
MOOSmoochum
21.5%
YMIShaymin
21.2%
CHLMunchlax
19.2%
TIALatias
17.7%
HIOPhione
12.2%

You're not logged in!

Compare scores with friends on all Sporcle quizzes.
Join for Free
OR
Log In

You Might Also Like...

Show Comments

Extras

Top Quizzes Today


Score Distribution

Your Account Isn't Verified!

In order to create a playlist on Sporcle, you need to verify the email address you used during registration. Go to your Sporcle Settings to finish the process.

Report this User

Report this user for behavior that violates our Community Guidelines.

Details: